[Event "BL 1112 SV Hockenheim - SV Mülheim Nord"]
[Site "Hockenheim"]
[Date "2011.11.19"]
[Round "4.1"]
[White "Grachev, Boris"]
[Black "Buhmann, Rainer"]
[Result "1/2-1/2"]
[WhiteElo "2682"]
[BlackElo "2606"]
[PlyCount "118"]
[EventDate "2011.10.14"]

1. c4 c6 2. d4 d5 3. e3 Nf6 4. Nf3 a6 5. Bd3 Bg4 6. Nbd2 Nbd7 7. Qc2 e6 8. O-O
dxc4 9. Qxc4 Be7 10. Ne5 Bh5 11. Qc2 Rc8 12. Nxd7 Nxd7 13. b4 Bg6 14. Rb1 Bxd3
15. Qxd3 O-O 16. a3 b5 17. Nb3 Ne5 18. Qc2 Nc4 19. Nd2 Nb6 20. Bb2 Qc7 21. Rfc1
Qa7 22. Bc3 Rfd8 23. h3 h6 24. Qe4 Qd7 25. Rc2 Qd5 26. Qg4 Qf5 27. Rbc1 Rd7 28.
Ba1 Rdc7 29. Qg3 Qg5 30. Qf3 Qf5 31. Qe2 Bd6 32. Qf1 Be7 33. Qe2 Bd6 34. h4 Be7
35. g3 Qd5 36. e4 Qd7 37. Qe3 f5 38. d5 cxd5 39. Rxc7 Rxc7 40. Rxc7 Qxc7 41.
exf5 Qc1+ 42. Kg2 Qxa1 43. Qxb6 Qxa3 44. Qxe6+ Kf8 45. Nf3 Bf6 46. Qd6+ Ke8 47.
g4 Bc3 48. Qe6+ Kf8 49. g5 Qxb4 50. f6 gxf6 51. g6 Qe7 52. Qc8+ Kg7 53. Qxc3
Kxg6 54. Nd2 Qe6 55. Qc2+ Kh5 56. f3 Qe2+ 57. Kh3 Qe6+ 58. Kg2 Qe2+ 59. Kh3
Qe6+ 1/2-1/2

[Event "BL 1112 SV Hockenheim - SV Mülheim Nord"]
[Site "Hockenheim"]
[Date "2011.11.19"]
[Round "4.2"]
[White "Baramidze, David"]
[Black "Fridman, Daniel"]
[Result "1/2-1/2"]
[WhiteElo "2591"]
[BlackElo "2652"]
[PlyCount "108"]
[EventDate "2011.10.14"]

1. d4 d5 2. c4 e6 3. Nf3 Nf6 4. Nc3 Be7 5. Bf4 O-O 6. e3 Nbd7 7. cxd5 Nxd5 8.
Nxd5 exd5 9. a3 c5 10. dxc5 Nxc5 11. Be5 Bg4 12. Be2 Bxf3 13. Bxf3 Bf6 14. Bxf6
Qxf6 15. Qc2 Ne6 16. Bxd5 Rac8 17. Qb3 Nc5 18. Qc2 Ne6 19. Qb3 Nc5 20. Qb5 Rfd8
21. Rd1 Qf5 22. e4 Nxe4 23. O-O g6 24. Qd3 Nd6 25. Qxf5 gxf5 26. Rd3 Rc2 27. b4
Rdc8 28. g3 R8c3 29. Rfd1 Rc1 30. Kg2 Rxd1 31. Rxd1 Rxa3 32. Bxb7 Nxb7 33. Rd7
Na5 34. bxa5 Rxa5 35. Kf3 Kg7 36. Rd6 Ra2 37. h4 h5 38. Ke3 a5 39. Ra6 Ra4 40.
f3 f6 41. Ra7+ Kg6 42. f4 Re4+ 43. Kf2 a4 44. Kf3 Rc4 45. Kf2 Rb4 46. Kf3 Rb3+
47. Kg2 a3 48. Kf2 Rc3 49. Kg2 Rc2+ 50. Kf3 Ra2 51. Ke3 Ra1 52. Kf2 a2 53. Kg2
Kh6 54. Kh2 Kg6 1/2-1/2

[Event "BL 1112 SV Hockenheim - SV Mülheim Nord"]
[Site "Hockenheim"]
[Date "2011.11.19"]
[Round "4.3"]
[White "Landa, Konstantin"]
[Black "Saric, Ivan"]
[Result "1-0"]
[WhiteElo "2639"]
[BlackElo "2643"]
[PlyCount "65"]
[EventDate "2011.10.14"]

1. d4 Nf6 2. c4 g6 3. Nc3 Bg7 4. e4 d6 5. Be2 O-O 6. Nf3 e5 7. O-O Nc6 8. Be3
Ng4 9. Bg5 f6 10. Bh4 Nh6 11. dxe5 dxe5 12. c5 Kh8 13. Qa4 Bg4 14. Rfd1 Qe7 15.
Nd5 Qf7 16. Bg3 Bxf3 17. Bxf3 f5 18. Be2 Nd4 19. Rxd4 exd4 20. Bc4 Qe8 21. Qb4
f4 22. Nxf4 Qxe4 23. Ne6 d3 24. Nxg7 Kxg7 25. Re1 Qf5 26. Be6 Qg5 27. Be5+ Rf6
28. f4 Qxe5 29. Rxe5 Re8 30. Bb3 Rd8 31. Re7+ Kf8 32. Rxh7 a5 33. Qc3 1-0

[Event "BL 1112 SV Hockenheim - SV Mülheim Nord"]
[Site "Hockenheim"]
[Date "2011.11.19"]
[Round "4.4"]
[White "Miroshnichenko, Evgenij"]
[Black "Golod, Vitali"]
[Result "1-0"]
[WhiteElo "2624"]
[BlackElo "2579"]
[PlyCount "89"]
[EventDate "2011.10.14"]

1. Nf3 d5 2. g3 g6 3. c4 c6 4. Qa4 d4 5. Bg2 Bg7 6. d3 Nh6 7. Nbd2 Nf5 8. O-O
O-O 9. b4 Re8 10. Rb1 Nd7 11. Nb3 e5 12. Nfd2 Nd6 13. Na5 Nf6 14. Qc2 Qc7 15.
a4 Bd7 16. c5 Nf5 17. Nac4 Be6 18. Ne4 Nxe4 19. dxe4 Nh6 20. Nd6 Rf8 21. f4 f6
22. f5 Bd7 23. e3 dxe3 24. Bxe3 Kh8 25. Qb3 Be8 26. Rbd1 Bf7 27. Qc2 Bg8 28.
Bh3 Rad8 29. Rd3 gxf5 30. Bxh6 Bxh6 31. Bxf5 b6 32. Rfd1 Rb8 33. Nc4 Rbd8 34.
Nd6 Rb8 35. Qg2 bxc5 36. Qh3 Qg7 37. bxc5 Rb4 38. Be6 Bg5 39. Bxg8 Qxg8 40. Qd7
Rb2 41. Nf5 Rfb8 42. h4 Bf4 43. Qe7 Rf8 44. Qxf8 Qxf8 45. Rd8 1-0

[Event "BL 1112 SV Hockenheim - SV Mülheim Nord"]
[Site "Hockenheim"]
[Date "2011.11.19"]
[Round "4.5"]
[White "Malakhatko, Vadim"]
[Black "Ribli, Zoltan"]
[Result "1/2-1/2"]
[WhiteElo "2543"]
[BlackElo "2588"]
[PlyCount "141"]
[EventDate "2011.10.14"]

1. d4 d5 2. c4 c6 3. Nf3 Nf6 4. Qb3 dxc4 5. Qxc4 Bg4 6. Nbd2 Nbd7 7. g3 e6 8.
Bg2 Be7 9. O-O O-O 10. Re1 Rc8 11. Qb3 Qb6 12. Nc4 Qa6 13. Nfe5 b5 14. Nxg4
bxc4 15. Qf3 c5 16. dxc5 Bxc5 17. Nxf6+ Nxf6 18. Bd2 Nd5 19. Bf1 Qb6 20. Rab1
Nb4 21. Bxb4 Bxb4 22. Rec1 Bd2 23. Rc2 c3 24. e3 Rfd8 25. Qe2 Qb4 26. Bg2 Qa4
27. b3 Qa5 28. Qf3 g6 29. Bf1 Qb4 30. Bg2 a5 31. Qe4 Qd6 32. Bf1 Rb8 33. Rd1
Qb4 34. Qxb4 axb4 35. Ra1 Ra8 36. Bb5 Kf8 37. Kf1 Ke7 38. Ke2 Kd6 39. a4 bxa3
40. Ba4 Kc5 41. Rxa3 Kb4 42. Ra1 Ra5 43. h4 f5 44. Rca2 e5 45. Rd1 f4 46. gxf4
exf4 47. Rg1 Rf5 48. Rg4 Bc1 49. Rc2 Bb2 50. Rxf4+ Rxf4 51. exf4 Rd5 52. Bc6
Rh5 53. Kd3 Rc5 54. Be4 Kxb3 55. f3 Ba3 56. h5 gxh5 57. f5 Rc8 58. Bd5+ Kb4 59.
f6 Rd8 60. Kd4 h4 61. Rh2 Kb5 62. Ke4 Re8+ 63. Kd3 Rd8 64. Ke4 Kc5 65. Bb3 Re8+
66. Kd3 Re5 67. Rxh4 Rf5 68. f7 Rxf3+ 69. Ke2 Rf6 70. Rh6 Rxf7 71. Bxf7 1/2-1/2

[Event "BL 1112 SV Hockenheim - SV Mülheim Nord"]
[Site "Hockenheim"]
[Date "2011.11.19"]
[Round "4.6"]
[White "Paehtz, Elisabeth"]
[Black "Berelowitsch, Alexander"]
[Result "1/2-1/2"]
[WhiteElo "2461"]
[BlackElo "2563"]
[PlyCount "120"]
[EventDate "2011.10.14"]

1. e4 e6 2. d4 d5 3. Nc3 Bb4 4. Nge2 dxe4 5. a3 Be7 6. Nxe4 Nf6 7. N2g3 O-O 8.
c3 Nxe4 9. Nxe4 Nd7 10. Be2 b6 11. O-O Bb7 12. Bf3 Bd5 13. Qe2 Nf6 14. Bf4 Nxe4
15. Bxe4 Bxe4 16. Qxe4 Bd6 17. Be5 Qd7 18. Rfe1 Bxe5 19. Qxe5 Rad8 20. Re3 Qd6
21. Qh5 c5 22. Rg3 Qf4 23. dxc5 Rd5 24. Qg4 Qxg4 25. Rxg4 Rfd8 26. Rd4 bxc5 27.
Rxd5 Rxd5 28. b4 Rd3 29. Rc1 Kf8 30. Kf1 Rd2 31. bxc5 Rd5 32. Rb1 Rxc5 33. Rb8+
Ke7 34. Rb7+ Kf6 35. Rxa7 Rxc3 36. h4 Rc2 37. g3 h5 38. Kg2 Rc3 39. a4 Ra3 40.
Ra5 e5 41. Ra7 g6 42. a5 e4 43. a6 Ra1 44. Kh2 Ke6 45. Kg2 f6 46. Ra8 Ke5 47.
a7 Kf5 48. Kh2 Ra2 49. Kg1 Kg4 50. Rf8 Rxa7 51. Rxf6 Kh3 52. Kf1 e3 53. Rxg6
Ra1+ 54. Ke2 exf2 55. Kxf2 Ra3 56. Rg5 Rb3 57. Rxh5 Rxg3 58. Rg5 Rg4 59. Rxg4
Kxg4 60. h5 Kxh5 1/2-1/2

[Event "BL 1112 SV Hockenheim - SV Mülheim Nord"]
[Site "Hockenheim"]
[Date "2011.11.19"]
[Round "4.7"]
[White "Hausrath, Daniel"]
[Black "Gasthofer, Alexander"]
[Result "1-0"]
[WhiteElo "2507"]
[BlackElo "2456"]
[PlyCount "77"]
[EventDate "2011.10.14"]

1. Nf3 Nf6 2. g3 d5 3. Bg2 g6 4. O-O Bg7 5. d4 O-O 6. Be3 Be6 7. Qc1 Qc8 8. Bh6
Bh3 9. Bxg7 Kxg7 10. Qe3 Bxg2 11. Kxg2 Re8 12. Nbd2 Nbd7 13. c4 dxc4 14. Nxc4
c5 15. Rac1 cxd4 16. Qxd4 Qc5 17. Qf4 Qb4 18. Rfd1 Rec8 19. Nd4 Qc5 20. e4 Qh5
21. Nf3 b5 22. Na5 e5 23. Qe3 Qh6 24. Qxh6+ Kxh6 25. Rxc8 Rxc8 26. g4 Kg7 27.
g5 Nxe4 28. Rxd7 Rc2 29. Nxe5 Rxf2+ 30. Kg1 Rf5 31. Nac6 Rxg5+ 32. Kf1 Rf5+ 33.
Ke2 a6 34. Re7 Nc5 35. Nd4 Rg5 36. b4 Na4 37. Rxf7+ Kg8 38. Re7 Nc3+ 39. Kd3
1-0

[Event "BL 1112 SV Hockenheim - SV Mülheim Nord"]
[Site "Hockenheim"]
[Date "2011.11.19"]
[Round "4.8"]
[White "Rau, Hannes"]
[Black "Levin, Felix"]
[Result "0-1"]
[WhiteElo "2464"]
[BlackElo "2482"]
[PlyCount "114"]
[EventDate "2011.10.14"]

1. d4 d5 2. c4 c6 3. Nf3 Nf6 4. e3 Bg4 5. Bd3 e6 6. O-O Nbd7 7. Nbd2 Bd6 8. b3
O-O 9. Bb2 Qb8 10. h3 Bf5 11. Qc2 Bg6 12. Bxg6 hxg6 13. e4 e5 14. exd5 cxd5 15.
cxd5 exd4 16. Bxd4 Nxd5 17. Nc4 Bc7 18. Rfd1 N7f6 19. Rac1 Bf4 20. Be5 Bxe5 21.
Nfxe5 Re8 22. Ng4 Nf4 23. Nxf6+ gxf6 24. Rd2 Re6 25. h4 Qe8 26. Ne3 Rc6 27. Qd1
Rxc1 28. Qxc1 Rc8 29. Qb2 Qe6 30. g3 Nh5 31. Qd4 f5 32. Qd5 Qe7 33. Qd6 Rc1+
34. Kh2 Qe4 35. Qd8+ Kh7 36. Rd1 Rxd1 37. Nxd1 f4 38. Qd2 fxg3+ 39. fxg3 Qf3
40. Qd6 Nxg3 41. Qxg3 Qxd1 42. Qf2 Qd6+ 43. Kh3 Qe6+ 44. Kg3 a6 45. Qd4 Qe1+
46. Kf3 Qb1 47. Qd7 Qh1+ 48. Kg3 Qg1+ 49. Kh3 Qe3+ 50. Kg2 Qe4+ 51. Kg3 Kg7 52.
Qd2 Qe5+ 53. Kh3 b5 54. b4 f5 55. a3 f4 56. Qd7+ Kh6 57. Kg4 Qe3 0-1

[Event "BL 1112 SC Eppingen - SF Katernberg"]
[Site "Hockenheim"]
[Date "2011.11.20"]
[Round "4.1"]
[White "Fontaine, Robert"]
[Black "Bologan, Victor"]
[Result "0-1"]
[WhiteElo "2552"]
[BlackElo "2657"]
[PlyCount "114"]
[EventDate "2011.10.14"]

1. c4 c5 2. Nf3 Nc6 3. d4 cxd4 4. Nxd4 e6 5. g3 Qb6 6. Nb3 Ne5 7. Bg2 Bb4+ 8.
N1d2 Nxc4 9. a3 Nxd2 10. axb4 Nxb3 11. Qxb3 d5 12. Qc3 Nf6 13. Be3 Qd8 14. Bxa7
O-O 15. O-O Bd7 16. Bd4 Rc8 17. Qd2 Bc6 18. Ra5 b6 19. Ra7 Nd7 20. Qf4 Bb5 21.
b3 Re8 22. Ba1 Rc2 23. Re1 h6 24. Qd4 Nf6 25. Qd1 Rc8 26. Be5 Nd7 27. Bb2 Qe7
28. Qd4 Qf8 29. Qd2 Red8 30. e3 Rc6 31. e4 Rdc8 32. Rc1 Rxc1+ 33. Bxc1 d4 34.
Bb2 e5 35. Bh3 Qd6 36. Ra1 Rd8 37. Bxd7 Rxd7 38. Rc1 Qe6 39. Qd1 Ra7 40. Ra1
Rxa1 41. Bxa1 Qd6 42. Bb2 Qxb4 43. f4 f6 44. fxe5 fxe5 45. Bc1 Qc3 46. Kf2 Bd3
47. Bd2 Qb2 48. Ke1 Qb1 49. Bb4 Kf7 50. Bd6 Kf6 51. Qxb1 Bxb1 52. Bc7 b5 53. b4
Bxe4 54. Bd6 h5 55. h4 Ke6 56. Bf8 g6 57. Bg7 Bf5 0-1

[Event "BL 1112 SC Eppingen - SF Katernberg"]
[Site "Hockenheim"]
[Date "2011.11.20"]
[Round "4.2"]
[White "Balogh, Csaba"]
[Black "Bischoff, Klaus"]
[Result "1/2-1/2"]
[WhiteElo "2662"]
[BlackElo "2547"]
[PlyCount "44"]
[EventDate "2011.10.14"]

1. e4 c5 2. Nf3 e6 3. d4 cxd4 4. Nxd4 Nf6 5. Nc3 d6 6. g4 h6 7. Bg2 a6 8. h3 g5
9. Be3 Nbd7 10. Qe2 Ne5 11. O-O-O Nfd7 12. f4 gxf4 13. Bxf4 b5 14. Qf2 Bb7 15.
Rhf1 Bg7 16. Nce2 Qc7 17. Ng3 Rh7 18. Nh5 Bh8 19. Bg3 O-O-O 20. Bh4 Rg8 21. Kb1
Kb8 22. Qe1 Rc8 1/2-1/2

[Event "BL 1112 SC Eppingen - SF Katernberg"]
[Site "Hockenheim"]
[Date "2011.11.20"]
[Round "4.3"]
[White "Lahno, Kateryna"]
[Black "Tiviakov, Sergei"]
[Result "1/2-1/2"]
[WhiteElo "2554"]
[BlackElo "2647"]
[PlyCount "54"]
[EventDate "2011.10.14"]

1. c4 e5 2. g3 Nf6 3. Bg2 d5 4. cxd5 Nxd5 5. Nf3 Nc6 6. O-O Nb6 7. b3 Bd6 8.
Bb2 O-O 9. d3 Qe7 10. Nc3 Bg4 11. h3 Bd7 12. Nd2 Ba3 13. Bxa3 Qxa3 14. Nc4 Qe7
15. a4 Nxc4 16. bxc4 Na5 17. Rb1 Rab8 18. Qd2 b6 19. Nb5 Bc6 20. Qb4 Qd7 21. c5
a6 22. cxb6 Bxg2 23. Kxg2 cxb6 24. Nc3 Nc6 25. Qg4 Qe7 26. Nd5 Qd8 27. Nb4 Nxb4
1/2-1/2

[Event "BL 1112 SC Eppingen - SF Katernberg"]
[Site "Hockenheim"]
[Date "2011.11.20"]
[Round "4.4"]
[White "Gyimesi, Zoltan"]
[Black "Firman, Nazar"]
[Result "1-0"]
[WhiteElo "2646"]
[BlackElo "2517"]
[PlyCount "135"]
[EventDate "2011.10.14"]

1. d4 Nf6 2. c4 e6 3. Nf3 c5 4. d5 b5 5. Bg5 b4 6. a3 h6 7. Bh4 Na6 8. Nbd2
bxa3 9. Rxa3 Nb4 10. e4 d6 11. Nd4 g5 12. Bg3 cxd4 13. Qa4+ Nd7 14. Qxb4 Rb8
15. Qa4 Rxb2 16. Bd3 Be7 17. Rb3 Rxb3 18. Nxb3 O-O 19. Qxa7 e5 20. Ke2 Qe8 21.
Qa3 Nb6 22. Ra1 f5 23. exf5 e4 24. Bxe4 Nxc4 25. Qb4 Bf6 26. f3 Ne3 27. Ra8
Nxf5 28. Na5 Nxg3+ 29. hxg3 Qe5 30. Kf2 Bg7 31. Qb1 d3 32. Qxd3 Qa1 33. Qb1 Qa3
34. Qb3 Qa1 35. Qb1 Bd4+ 36. Ke2 Qa3 37. Qd3 Bc3 38. Ra7 Qc1 39. Qd1 Qa3 40.
Qb3 Qa1 41. Qb1 Qxb1 42. Bxb1 Bd4 43. Re7 Bf6 44. Re3 Bd7 45. Nc6 Re8 46. Be4
Kf8 47. Rd3 h5 48. Kf2 Ra8 49. Rb3 Bc8 50. Bg6 Ra2+ 51. Kg1 h4 52. gxh4 gxh4
53. Rb8 Kg7 54. Rxc8 Kxg6 55. Re8 Kf5 56. Re6 Be5 57. Nxe5 dxe5 58. Re8 Rd2 59.
Rd8 h3 60. gxh3 Kf4 61. d6 Kxf3 62. h4 Rd1+ 63. Kh2 e4 64. d7 Ke2 65. h5 e3 66.
h6 Rd6 67. Kg3 Rxh6 68. Rg8 1-0

[Event "BL 1112 SC Eppingen - SF Katernberg"]
[Site "Hockenheim"]
[Date "2011.11.20"]
[Round "4.5"]
[White "Siebrecht, Sebastian"]
[Black "Postny, Evgeny"]
[Result "0-1"]
[WhiteElo "2471"]
[BlackElo "2622"]
[PlyCount "64"]
[EventDate "2011.10.14"]

1. d4 d5 2. c4 c6 3. Nf3 Nf6 4. Nc3 a6 5. c5 g6 6. Bf4 Bg7 7. h3 Ne4 8. Nxe4
dxe4 9. Ne5 Be6 10. e3 Nd7 11. Nxd7 Qxd7 12. Qc2 Bd5 13. Be2 O-O 14. h4 h6 15.
g4 Rfe8 16. Rg1 e5 17. dxe5 Qe7 18. O-O-O Bxe5 19. Bxh6 Qxh4 20. Rh1 Qf6 21.
Rh3 Rad8 22. Rdh1 Bxa2 23. Bf4 Bd5 24. g5 Qg7 25. R1h2 Bxf4 26. exf4 Be6 27.
Rh8+ Qxh8 28. Rxh8+ Kxh8 29. Qxe4 Bf5 30. Qc4 Kg8 31. f3 a5 32. b3 Re3 0-1

[Event "BL 1112 SC Eppingen - SF Katernberg"]
[Site "Hockenheim"]
[Date "2011.11.20"]
[Round "4.6"]
[White "Acs, Peter"]
[Black "Kotainy, Jens"]
[Result "1/2-1/2"]
[WhiteElo "2587"]
[BlackElo "2406"]
[PlyCount "69"]
[EventDate "2011.10.14"]

1. e4 e6 2. d4 d5 3. Nc3 Nf6 4. Bg5 Bb4 5. e5 h6 6. Bd2 Bxc3 7. bxc3 Ne4 8. Qg4
g6 9. Bd3 Nxd2 10. Kxd2 c5 11. h4 Nc6 12. Qf4 Qa5 13. dxc5 Qxc5 14. Ne2 Bd7 15.
Rab1 b6 16. Rh3 O-O-O 17. Rf3 Kb7 18. Nd4 f5 19. Nb5 g5 20. Qe3 Qxe3+ 21. Rxe3
f4 22. Re2 Rdf8 23. Rh1 g4 24. c4 dxc4 25. Bxc4 Na5 26. Nd6+ Kc7 27. Bd3 Bc6
28. Be4 Rhg8 29. Bxc6 Nxc6 30. Rb1 a6 31. Re4 Nxe5 32. Nb5+ axb5 33. Rxe5 Rd8+
34. Kc3 Rd6 35. Rb4 1/2-1/2

[Event "BL 1112 SC Eppingen - SF Katernberg"]
[Site "Hockenheim"]
[Date "2011.11.20"]
[Round "4.7"]
[White "Glek, Igor V"]
[Black "Bindrich, Falko"]
[Result "1/2-1/2"]
[WhiteElo "2408"]
[BlackElo "2548"]
[PlyCount "142"]
[EventDate "2011.10.14"]

1. e4 e5 2. Nf3 Nc6 3. Nc3 Nf6 4. g3 Bc5 5. Bg2 d6 6. d3 a6 7. O-O h6 8. a3 O-O
9. b4 Ba7 10. Be3 Nd4 11. h3 Bd7 12. Bxd4 exd4 13. Ne2 c5 14. bxc5 dxc5 15. Ne5
Re8 16. f4 Rc8 17. Kh2 Bb8 18. Nxd7 Qxd7 19. c4 dxc3 20. Nxc3 Rcd8 21. e5 Qxd3
22. Qxd3 Rxd3 23. Rf3 Rxf3 24. Bxf3 b5 25. Bb7 Nh5 26. Bxa6 b4 27. axb4 cxb4
28. Nd5 Rd8 29. Rd1 Kf8 30. Be2 g6 31. Nxb4 Rxd1 32. Bxd1 Ng7 33. Nc6 Bc7 34.
Bg4 Bb6 35. Bd7 Bc7 36. Kg2 h5 37. Kf3 Bb6 38. g4 hxg4+ 39. hxg4 Bc7 40. Ke4
Bb6 41. Nb4 Ba5 42. Nd5 Be1 43. f5 gxf5+ 44. gxf5 Bf2 45. Nf4 Be1 46. Ng2 Bc3
47. Nf4 Bb2 48. Ba4 Bc3 49. Nd5 Bb2 50. Nf6 Ba1 51. Nd7+ Ke8 52. Bb5 Bb2 53.
Nb6+ Kf8 54. Nc4 Bc3 55. Nd6 Nh5 56. Bc4 Ng3+ 57. Kf4 f6 58. Nf7 Nxf5 59. Kxf5
fxe5 60. Ng5 Ke7 61. Ne4 Bd4 62. Ba2 Bb2 63. Nd2 Bc3 64. Nc4 Bd4 65. Ke4 Bc3
66. Ne3 Bd4 67. Ng4 Bb2 68. Kf5 Bd4 69. Nf6 Ba1 70. Nd5+ Kd6 71. Ke4 Bd4
1/2-1/2

[Event "BL 1112 SC Eppingen - SF Katernberg"]
[Site "Hockenheim"]
[Date "2011.11.20"]
[Round "4.8"]
[White "Medvegy, Zoltan"]
[Black "Thesing, Matthias"]
[Result "1-0"]
[WhiteElo "2531"]
[BlackElo "2404"]
[PlyCount "135"]
[EventDate "2011.10.14"]

1. c4 e6 2. Nf3 d5 3. g3 Nf6 4. Bg2 Be7 5. d4 O-O 6. O-O dxc4 7. Qc2 a6 8. Qxc4
b5 9. Qc2 Bb7 10. Bd2 Be4 11. Qc1 Bb7 12. Qc2 Be4 13. Qc1 Bb7 14. Bf4 Bd6 15.
Rd1 Qe7 16. Nbd2 Nbd7 17. Ne5 Bxg2 18. Kxg2 Rac8 19. Nc6 Qe8 20. Bg5 e5 21.
Bxf6 Nxf6 22. e4 Nd7 23. d5 Nb6 24. Qc2 Kh8 25. Nf3 f6 26. b3 Ra8 27. a4 bxa4
28. bxa4 Nd7 29. Rab1 Nb8 30. Rb7 Nd7 31. Rb3 Qh5 32. h3 Rae8 33. Re1 f5 34.
exf5 Qxf5 35. Qxf5 Rxf5 36. Nfd4 Rff8 37. Ne6 Rg8 38. Rb7 Rc8 39. a5 h6 40.
Reb1 Nf6 41. Na7 Ra8 42. Nxc7 Bxc7 43. Rxc7 Nxd5 44. Rd7 Nf6 45. Re7 Nd5 46.
Rd7 Nf6 47. Rdb7 Rge8 48. Nc6 Rac8 49. R1b6 Ne4 50. Rb8 Rxb8 51. Nxb8 Rf8 52.
f3 Nd2 53. Nd7 Rxf3 54. Rxa6 Ra3 55. Nxe5 Ra2 56. Nc6 Nc4+ 57. Kf3 Ra3+ 58. Kf4
Ra4 59. Kf5 Kh7 60. h4 Ra3 61. g4 Ne3+ 62. Kf4 Ng2+ 63. Ke4 Nxh4 64. Ra8 Ra4+
65. Kd5 Rxg4 66. a6 Nf5 67. a7 Ra4 68. Re8 1-0

[Event "BL 1112 Hansa Dortmund - Werder Bremen"]
[Site "Dortmund"]
[Date "2011.11.19"]
[Round "4.1"]
[White "Efimenko, Zahar"]
[Black "Berg, Emanuel"]
[Result "1-0"]
[WhiteElo "2703"]
[BlackElo "2575"]
[PlyCount "187"]
[EventDate "2011.10.14"]

1. e4 e6 2. d4 d5 3. Nd2 Nf6 4. e5 Nfd7 5. Bd3 c5 6. c3 Nc6 7. Ne2 cxd4 8. cxd4
f6 9. exf6 Nxf6 10. Nf3 Bd6 11. O-O Qc7 12. Bd2 O-O 13. Rc1 Bd7 14. Ng3 Rae8
15. Re1 Qb6 16. Bc3 Bf4 17. Rc2 Nb4 18. Bxb4 Qxb4 19. Ne2 Bd6 20. Nc3 Re7 21.
Ne5 Kh8 22. Bf1 Be8 23. h3 Nd7 24. a3 Qb6 25. Na4 Qd8 26. Nxd7 Bxd7 27. Nc5
Bxc5 28. Rxc5 Ref7 29. Re2 b6 30. Rc3 Bb5 31. Rd2 Bxf1 32. Qxf1 h6 33. Qe1 Qh4
34. Re3 Rf4 35. Rxe6 Qg5 36. Qe3 Qf5 37. Re5 Qb1+ 38. Kh2 Qf1 39. Rxd5 Rxf2 40.
Rxf2 Qxf2 41. Qe5 Qf7 42. Rd6 Kg8 43. d5 Qc7 44. Re6 Qxe5+ 45. Rxe5 Rf2 46. d6
Rd2 47. Re7 Rxd6 48. Rxa7 Rd2 49. b4 b5 50. h4 Rd3 51. h5 Rd5 52. g4 Rd3 53.
Kg2 Kf8 54. Kf2 Rc3 55. Ra5 Ke7 56. Ke2 Rg3 57. Kf2 Rc3 58. Ke2 Rg3 59. Rxb5
Rxa3 60. Re5+ Kd6 61. Re3 Ra2+ 62. Kf3 Rb2 63. Re4 Kd5 64. Kf4 Rf2+ 65. Kg3 Rb2
66. Re7 Rxb4 67. Rxg7 Rb6 68. g5 Ke5 69. g6 Rb3+ 70. Kg2 Rb2+ 71. Kf3 Rb3+ 72.
Ke2 Rb2+ 73. Kd3 Rh2 74. Re7+ Kf6 75. Rf7+ Ke6 76. Rf8 Rg2 77. Rh8 Kf6 78. Rxh6
Kg7 79. Rh7+ Kg8 80. Ke4 Rg5 81. Kf4 Ra5 82. Kg4 Ra4+ 83. Kg5 Ra5+ 84. Kh6 Ra8
85. Rg7+ Kh8 86. Re7 Kg8 87. Kg5 Ra5+ 88. Kf6 Ra6+ 89. Re6 Ra8 90. h6 Kh8 91.
h7 Rb8 92. Kg5 Kg7 93. Re7+ Kh8 94. Kh6 1-0

[Event "BL 1112 Hansa Dortmund - Werder Bremen"]
[Site "Dortmund"]
[Date "2011.11.19"]
[Round "4.2"]
[White "Miton, Kamil"]
[Black "Fressinet, Laurent"]
[Result "1/2-1/2"]
[WhiteElo "2628"]
[BlackElo "2696"]
[PlyCount "58"]
[EventDate "2011.10.14"]

1. d4 d5 2. c4 c6 3. Nc3 Nf6 4. e3 e6 5. Nf3 Nbd7 6. Qc2 Bd6 7. Be2 O-O 8. O-O
dxc4 9. Bxc4 a6 10. Ne4 Nxe4 11. Qxe4 c5 12. Rd1 Qe7 13. Bd2 Nf6 14. Qh4 b5 15.
dxc5 Bxc5 16. Bd3 Bb7 17. Rac1 Rac8 18. Bc3 h6 19. Kf1 Rfe8 20. Bxf6 Qxf6 21.
Qxf6 gxf6 22. Ke2 Be7 23. g4 Kg7 24. Nd2 Rxc1 25. Rxc1 Rc8 26. Rxc8 Bxc8 27.
Ne4 e5 28. f3 f5 29. gxf5 Bxf5 1/2-1/2

[Event "BL 1112 Hansa Dortmund - Werder Bremen"]
[Site "Dortmund"]
[Date "2011.11.19"]
[Round "4.3"]
[White "McShane, Luke James"]
[Black "Tikkanen, Hans"]
[Result "1-0"]
[WhiteElo "2671"]
[BlackElo "2591"]
[PlyCount "72"]
[EventDate "2011.10.14"]

1. e4 e6 2. d4 d5 3. Nd2 Nf6 4. e5 Nfd7 5. c3 c5 6. f4 Nc6 7. Ndf3 Qb6 8. a3 c4
9. Ne2 Na5 10. g4 Qb3 11. Qd2 Qb5 12. Qe3 Nb3 13. Rb1 Nb6 14. Ng3 Bd7 15. f5
Be7 16. Nh5 Rg8 17. f6 gxf6 18. exf6 Bd6 19. Ng7+ Kd8 20. Ng5 Rf8 21. Nxh7 Rh8
22. Ng5 Rf8 23. Nf3 Bc6 24. Be2 Nd7 25. g5 Qb6 26. Kf1 Nxc1 27. Qxc1 Qc7 28.
Qe1 Rh8 29. Qf2 Nf8 30. h4 Qb6 31. h5 Ng6 32. Kg1 Nf4 33. Bf1 Nd3 34. Bxd3 cxd3
35. g6 Kd7 36. Ng5 fxg6 1-0

[Event "BL 1112 Hansa Dortmund - Werder Bremen"]
[Site "Dortmund"]
[Date "2011.11.19"]
[Round "4.4"]
[White "Henrichs, Thomas"]
[Black "Roiz, Michael"]
[Result "1/2-1/2"]
[WhiteElo "2473"]
[BlackElo "2668"]
[PlyCount "41"]
[EventDate "2011.10.14"]

1. Nf3 d5 2. d4 e6 3. c4 c6 4. Nc3 Nf6 5. Bg5 Be7 6. e3 Nbd7 7. Rc1 O-O 8. Bd3
h6 9. Bh4 dxc4 10. Bxc4 Nd5 11. Bg3 Nxc3 12. bxc3 b6 13. O-O Bb7 14. Qe2 c5 15.
Rfd1 Qc8 16. e4 Re8 17. Bb5 Bc6 18. Ba6 Bb7 19. Bb5 Bc6 20. Ba6 Bb7 21. Bb5
1/2-1/2

[Event "BL 1112 Hansa Dortmund - Werder Bremen"]
[Site "Dortmund"]
[Date "2011.11.19"]
[Round "4.5"]
[White "Nyback, Tomi"]
[Black "Kohlweyer, Bernd"]
[Result "1-0"]
[WhiteElo "2627"]
[BlackElo "2458"]
[PlyCount "81"]
[EventDate "2011.10.14"]

1. d4 Nf6 2. c4 e6 3. Nc3 Bb4 4. Nf3 b6 5. e3 O-O 6. Bd3 d5 7. cxd5 exd5 8. O-O
Bb7 9. a3 Bd6 10. b4 a6 11. Bb2 Nbd7 12. Ne2 Ne4 13. Ne5 Qe7 14. f3 Nef6 15. f4
Ne4 16. Bxe4 dxe4 17. Ng3 f5 18. Qb3+ Kh8 19. Rac1 b5 20. Rfd1 Rae8 21. Nc6
Bxc6 22. Rxc6 Nb6 23. d5 Qf7 24. Bd4 Nc4 25. a4 Ra8 26. Ne2 Kg8 27. Nc3 Rfb8
28. Ra1 Qh5 29. Qd1 Qxd1+ 30. Nxd1 Nd2 31. Ra2 Nb3 32. Be5 a5 33. axb5 Rxb5 34.
Bxd6 Rxd5 35. Be5 Rxd1+ 36. Kf2 Rd7 37. Rc3 Nd2 38. bxa5 c5 39. Ke2 Rad8 40. a6
Nb1 41. Rcc2 1-0

[Event "BL 1112 Hansa Dortmund - Werder Bremen"]
[Site "Dortmund"]
[Date "2011.11.19"]
[Round "4.6"]
[White "Klyuner, Vyacheslav"]
[Black "Hracek, Zbynek"]
[Result "0-1"]
[WhiteElo "2428"]
[BlackElo "2624"]
[PlyCount "122"]
[EventDate "2011.10.14"]

1. e4 c5 2. Nf3 d6 3. Nc3 e6 4. g3 Nf6 5. Bg2 Nc6 6. O-O Be7 7. d4 cxd4 8. Nxd4
Bd7 9. h3 O-O 10. g4 Nxd4 11. Qxd4 Bc6 12. a4 a6 13. a5 Nd7 14. Be3 Rc8 15. Qd2
Ne5 16. b3 Ng6 17. Na4 Nh4 18. Nb6 Nxg2 19. Nxc8 Qxc8 20. Kxg2 Bxe4+ 21. f3 Bc6
22. c4 e5 23. Bg5 f6 24. Bh4 Qe6 25. Kh2 g5 26. Be1 f5 27. Qe2 h5 28. gxh5 Kf7
29. Bc3 Rh8 30. f4 g4 31. hxg4 fxg4 32. Kg3 Rxh5 33. Qxg4 Bh4+ 34. Qxh4 Rxh4
35. fxe5+ Ke8 36. Kxh4 Qh6+ 37. Kg4 Bd7+ 38. Kg3 Qh3+ 39. Kf4 Qxc3 40. exd6
Qxb3 41. Rae1+ Kd8 42. Re4 Bc6 43. Rd4 Qc3 44. Rfd1 Kd7 45. R1d2 Qf3+ 46. Ke5
Qh5+ 47. Kf4 Qh4+ 48. Kf5 Be4+ 49. Ke5 Qe1 50. Kf4 Bg6 51. Kf3 Qe5 52. Kf2 Bh5
53. Kg2 Qxa5 54. Rf2 Qg5+ 55. Kh2 a5 56. Rff4 Bg6 57. Rg4 Qe5+ 58. Kg2 a4 59.
c5 a3 60. Rb4 Qd5+ 61. Kg3 a2 0-1

[Event "BL 1112 Hansa Dortmund - Werder Bremen"]
[Site "Dortmund"]
[Date "2011.11.19"]
[Round "4.7"]
[White "Rapport, Richard"]
[Black "Wegener, Olaf"]
[Result "1/2-1/2"]
[WhiteElo "2547"]
[BlackElo "2423"]
[PlyCount "135"]
[EventDate "2011.10.14"]

1. d4 Nf6 2. c4 e6 3. Nf3 b6 4. a3 Bb7 5. Nc3 d5 6. cxd5 Nxd5 7. e3 Be7 8. Bb5+
c6 9. Bd3 O-O 10. e4 Nxc3 11. bxc3 c5 12. O-O Qc7 13. Qe2 Nc6 14. Bb2 Rfd8 15.
Rad1 Na5 16. Ne5 Bd6 17. f4 Qe7 18. Rf3 f6 19. Nc4 Nxc4 20. Bxc4 Kh8 21. Rh3
Bxf4 22. Qg4 e5 23. Be6 Bc8 24. Bxc8 Raxc8 25. d5 Qf7 26. c4 Kg8 27. Rf3 Qd7
28. Qxd7 Rxd7 29. a4 a5 30. Kf2 Rd6 31. Ke2 Re8 32. Rb1 Ra8 33. Ba3 Kf7 34. Rh3
Kg6 35. Rf1 h5 36. Bb2 Rh8 37. Bc3 Rg8 38. Rh1 Rf8 39. Rf3 Rh8 40. g3 Bh6 41.
Rf5 Re8 42. Rg1 Bg5 43. h4 Bh6 44. Kd3 Kh7 45. Rgf1 Re7 46. R5f2 Ra7 47. Ke2
Re7 48. Rf3 Ra7 49. Kf2 Re7 50. Kg2 Kg6 51. Kh3 Re8 52. Rg1 Re7 53. g4 hxg4+
54. Kxg4 Bf4 55. h5+ Kf7 56. Kf5 Re8 57. Rxf4 exf4 58. e5 fxe5 59. Bxe5 Rxe5+
60. Kxe5 Rh6 61. Kxf4 Rxh5 62. Rb1 Rh6 63. Ke5 Ke7 64. Rg1 Rh5+ 65. Ke4 Rh4+
66. Ke5 Rh5+ 67. Ke4 Rh4+ 68. Ke5 1/2-1/2